| 000 | 00816nam a22002177a 4500 | ||
|---|---|---|---|
| 003 | OSt | ||
| 005 | 20250627103823.0 | ||
| 008 | 210217s2008 ck a|||gr|||| 00| 0 spa d | ||
| 040 |
_aCO-JMCR _cCO-JMCR |
||
| 041 | 1 |
_aspa _heng |
|
| 082 | 0 | 4 |
_aA-P _bALId _223 |
| 100 | 1 |
_aAlighieri, Dante, _d1265-1321 _eautor _913548 |
|
| 245 | 1 | 3 |
_ala divina comedia / _cDante Alighieri ; traducción de las ediciones en verso, Luis Martínez de Merlo |
| 260 |
_aBogotá : _bUniversidad Nacional de Colombia, Facultad de ciencias humanas, _c2008 |
||
| 300 |
_a74 páginas : _bilustraciones en blanco y negro ; _c17 cm. |
||
| 490 |
_aSeñal que cabalgamos ; _aaño séptimo ; _v85 |
||
| 650 | 1 | 4 |
_aLiteratura italiana _9833 |
| 650 | 1 | 4 |
_aInfierno _913549 |
| 700 | 1 |
_aMartínez de Merlo, Luis, _etraductor _913550 |
|
| 942 |
_2ddc _cBK |
||
| 999 |
_c7209 _d7209 |
||